00788nam0a22002291 4500001001100000005001700011021001900028035002600047100004100073101000800114102000700122105001800129200010200147210003500249215002300284320006200307606005300369700007700422801001800499801002200517852001900539rc\456403520250612120544.0 aRUb[66-37893] a(NLR Aleph) 008647550 a20130416d1966 |||y0rusy50 ca0 arus aRU aa z |||||1 aСмотри в корень!eСборник любопытных задач и вопросов aМоскваcНаукаd1966 a232 с.cил.d20 aБиблиогр. в конце книги (11 назв.) aФизикаjЗадачиxРешение2psbo 1aМаковецкийbП.В.f1922-1980gПетр Васильевич 0aRUbNLRgpsbo 1aRUbELAR2rusmarc aNLRj66-3/2793